00350nam a2200109Ia 4500008004100000082001700041100001900058245001700077260004100094630001800135650008700153211109s9999||||xx |||||||||||||| ||und|| a823.9bFRA-F aFrancis King,  0aFrozen Music bCurrent BooksaKottayam Bn 795c1900 xGENERAL STACK aLiterature & rhetoricvEnglish & old english literaturesxEnglish fictionGeneralia